Oferta y demanda de formación y capacitación en planeación educativa en los estados de Coahuila, San Luis Potosí, Nuevo León, Tamaulipas y Durango en México / (Record no. 134838)

MARC details
000 -CABECERA
campo de control de longitud fija 01222nam a2200241 a 4500
005 - FECHA Y HORA DE LA ÚLTIMA TRANSACCIÓN
campo de control 20210219160309.0
008 - ELEMENTOS DE LONGITUD FIJA--INFORMACIÓN GENERAL
campo de control de longitud fija 081007s1988 mx r 000 0 spa d
035 ## - NÚMERO DE CONTROL DEL SISTEMA
Número de control de sistema UPN01000162725
049 ## - COLECCIÓN
Colección UNE
080 ## - NÚMERO DE CLASIFICACIÓN DECIMAL UNIVERSAL
Número de la Clasificación Decimal Universal 37.014. 542 (72) SEP.
100 1# - ASIENTO PRINCIPAL--NOMBRE PERSONAL
Nombre de persona Sepúlveda Stuardo, Manuel A.
245 10 - MENCIÓN DE TÍTULO
Título Oferta y demanda de formación y capacitación en planeación educativa en los estados de Coahuila, San Luis Potosí, Nuevo León, Tamaulipas y Durango en México /
Mención de responsabilidad, etc. Manuel A. Sepúlveda Stuardo.
260 ## - PUBLICACIÓN, DISTRIBUCIÓN, ETC.
Lugar de publicación, distribución, etc. México :
Nombre del editor, distribuidor, etc. Universidad de Monterrey,
Fecha de publicación, distribución, etc. 1988.
300 ## - DESCRIPCIÓN FÍSICA
Extensión 118 p. ;
Otras características físicas fot.
500 ## - NOTA GENERAL
Nota general Versión preeliminar para comentarios.
500 0# - NOTA GENERAL
Nota general Incluye anexos.
690 ## - PUNTO DE ACCESO ADICIONAL DE MATERIA LOCAL--TÉRMINO DE MATERIA (OCLC, RLIN)
Término de materia o nombre geográfico como elemento inicial Planificacion de la educacion- Mexico
690 ## - PUNTO DE ACCESO ADICIONAL DE MATERIA LOCAL--TÉRMINO DE MATERIA (OCLC, RLIN)
Término de materia o nombre geográfico como elemento inicial Mexico- Planificacion y administracion de la educacion
710 2# - ASIENTO SECUNDARIO - NOMBRE CORPORATIVO
Nombre de entidad corporativa o nombre de jurisdicción como elemento de entrada UNESCO. International Institute for Educational Planning
710 2# - ASIENTO SECUNDARIO - NOMBRE CORPORATIVO
Nombre de entidad corporativa o nombre de jurisdicción como elemento de entrada Universidad de Monterrey. División de Ciencias de la Educacción. Programa de Investigación y Desarrollo Educativo
710 2# - ASIENTO SECUNDARIO - NOMBRE CORPORATIVO
Nombre de entidad corporativa o nombre de jurisdicción como elemento de entrada REPLAD. Red Regional para la Capacitación, la Innovación y vestigación en los Campos de la Planificación y Administración de la Educación Básica y los Programas de Alfabetización.
905 ## - TIPO DE MATERIAL
Tipo de material UNESCO
Holdings
Estado de retiro Estado de pérdida Fuente del sistema de clasificación o colocación Estado dañado No para préstamo Código de colección Localización permanente Ubicación/localización actual Ubicación en estantería Fecha de adquisición Clasificación Código de barras Fecha visto por última vez Número de copia Tipo de ítem Koha
    Library of Congress Classification   Disponible (Préstamo en sala) UNESCO Bib. Gregorio Torres Quintero Bib. Gregorio Torres Quintero Colecciones especiales Planta alta 03/02/2023 37. 014. 542 (72) SEP U5523 31/12/2020 1 Libro